00911nam a2200217 a 450000100100000000500170001000800410002704000250006808200200009310000450011324500660015826000580022430000200028250000640030265000280036665000310039404900090042595201180043495201240055299900170067600001060420240412074219.0091008s1988 dr 000 p spa d aDO-SdBNPbspacBNPHU aRD861.44bP349b1 aPeña Jiménez, Félix,d1954-92568310aBiografía de un nuevo amanecer /cFélix Peña Jiménez. aSanto Domingo :bEditora Universitaria -UASD-,c1988. a98 p. ;c20 cm. aIncluye datos biográficos del autor en la contracubierta. 0aPoesía dominicana966 0aLiteratura dominicana.967 aBNPD 0010718PDaPDbPDcCTd2009-10-08iLF1l0oRD861.44 P349bp10604-10r2020-06-25w2020-06-25yLFPDZNo se presta 0010718PDaPDbPDcCTd2009-10-08iLF1l0oRD861.44 P349bp10604-20r2020-06-25te. 2w2020-06-25yLFPDZNo se presta c10362d10362